| 000 | 02227nam a2200517 i 4500 | ||
|---|---|---|---|
| 001 | 25541 | ||
| 003 | KOSZ 005 | ||
| 005 | 20220627135718.0 | ||
| 008 | 070814s1969 pl a f 001 0 pol | ||
| 015 | _aPB 1970/7813 | ||
| 040 |
_aWA N _cWA N _dKOSZ 005/RW |
||
| 041 | 1 |
_apol _beng _bfre _brus _hrus |
|
| 046 | _k1969 | ||
| 080 | _a002 | ||
| 080 | _a025.3 | ||
| 080 | _a001 | ||
| 100 | 1 |
_aČernyj, Arkadij Ivanovič. _eAutor |
|
| 245 | 1 | 0 |
_aSyntagmatyczne stosunki między deskryptorami ; _bMetodyka budowy tezaurusów / _cA. I. Černy. |
| 246 | 1 |
_iTytuł oryginału: _aSintagmatičeskie otnošeniâ meždu deskriptorami ; |
|
| 246 | 1 |
_iTytuł oryginału: _aObŝaâ metodika postroeniâ tezaurusov. |
|
| 260 |
_aWarszawa : _bCentralny Instytut Informacji Naukowo-Technicznej i Ekonomicznej, _c1969. |
||
| 300 |
_a[2], 184 strony : _bilustracje, errata ; _c24 cm. |
||
| 336 |
_aTekst _btxt _2rdacontent |
||
| 337 |
_aBez urządzenia pośredniczącego _bn _2rdamedia |
||
| 338 |
_aWolumin _bnc _2rdacarrier |
||
| 380 | _aKsiążki | ||
| 380 | _aPublikacje naukowe | ||
| 388 | _a1901-2000 | ||
| 490 | 1 |
_aPrace, Studia , Przyczynki / Centralny Instytut Informacji Naukowo-Technicznej i Ekonomicznej ; _v2. |
|
| 500 | _aTłumaczenie pierwszej pracy - Andrzej Suski, tł. drugiej pracy - Dorota Prawdzic. | ||
| 504 | _aBibliografia na stronach [150]-156. Indeksy. | ||
| 546 | _aStreszczenia w języku rosyjskim, francuskim, angielskim. | ||
| 650 | 4 | _aJęzyki informacyjne | |
| 650 | 4 | _aDeskryptory | |
| 658 | _aBibliotekarstwo, archiwistyka, muzealnictwo | ||
| 658 | _aJęzykoznawstwo | ||
| 650 | 4 | _aGramatyka | |
| 655 | 4 | _aTezaurus | |
| 700 | 1 | 2 |
_aČernyj, Arkadij Ivanovič. _tMetodyka budowy tezaurusów. |
| 700 | 1 |
_aPrawdzic, Dorota. _eTłumaczenie |
|
| 700 | 1 |
_aSuski, Andrzej _eTłumaczenie |
|
| 710 | 2 |
_aCentralny Instytut Informacji Naukowo-Technicznej i Ekonomicznej _4pbl. |
|
| 830 | 0 |
_aPrace, Studia, Przyczynki - Centralny Instytut Informacji Naukowo-Technicznej i Ekonomicznej _v2. |
|
| 856 |
_uhttp://koha.tu.koszalin.pl/cgi-bin/koha/opac-detail.pl?biblionumber=25541 _yKatalog online BPK |
||
| 942 |
_2UKD _cKS |
||
| 999 |
_c25541 _d25541 |
||